01502 a2200205 45000010006000000050017000060080041000230030015000640400040000790800072001192450053001910200018002442500012002622640033002743000026003075050793003331000024011267000020011508560126011702166120260407155507.0260407a2004 arg spa dAR-UNSa-BCEJYS aAR-UNSa-BCEJYSbspacAR-UNSa-BCEJYS a336.225xMétodo de tributación y administración de impuestos 10aProcedimiento Tributariopley 11.683,dcto.618/97 a987-03-0303-X a2a. ed. 1aBuenos Aires :bLa Leyc2004 alxxxi, 716 p.c24 cm. a1ºParte :1. Disposiciones generales - 2. Sujeto de los deberes impositivos - 3. Determinación y percepción de impuestos - 4. Del pago - 5. Verificación y fiscalización - 6. Intereses, ilícitos y sanciones - 7. Responsabilidades de las sanciones - 8. De la prescripción - 9. Procedimiento penal y contencioso administrativo - 10. Procedimiento contencioso judicial - 11. Juicio de ejecución fiscal - 12. Disposiciones varias - 13. Régimen especial de fiscalización - 14. Cuenta de jerarquización - 15. Régimen de actualización - 2º Parte: 1. De la organización y competencia de los tribunales fiscales y actuación ante ellos - 2. De las acciones y recursos - 3. De la sentencia del tribunal - 4. Disposiciones generales - 3º Parte : Otras disposiciones. 1 aFolco, Carlos Maria1 aGómez, Teresa41uhttps://biblioeco.unsa.edu.ar/pmb/images/libros/Procedimiento Tributario(Teresa G?mez).jpgyImagen de portadaqimage/jpeg